Logos des équipes du championnat de France de basket-ball - Statistiques

Statistiques générales
  • Ce quiz a été pris 386 fois
  • Le résultat moyen est 13 sur 16
Statistiques - réponses
Par images Réponse % Correct
Paris Basketball
97%
AS Monaco
96%
ASVEL Lyon-Villeurbanne
94%
Limoges Cercle Saint-Pierre
86%
Strasbourg Illkirch-Graffenstaden
86%
Jeunesse laïque de Bourg-en-Bresse
85%
Nanterre 92
82%
Stade Rochelais Basket
82%
Le Mans Sarthe Basket
81%
Jeanne d'Arc Dijon Basket
80%
Cholet Basket
79%
Elan sportif chalonnais
78%
Saint-Quentin Basket-Ball
71%
Basket Club Maritime Gravelines Dunkerque Grand Littoral
68%
Étoile sportive Saint-Michel Le Portel Côte d'Opale
67%
Stade lorrain université club Nancy basket
67%
Aucun quiz correspondant
Distribution des résultats
% des personnes avec chaque résultat
Percentile par nombre de réponses
Votre historique - résultats
Vous n’avez pas pris ce quiz